000 00848nam a2200217 a 4500
003 BD-DhJNU
005 20251012051636.0
008 240708s2002 bg |||g |||| 000 1|ben|d
020 _a9789849817215
040 _aBD-DhJNU
_bben
_cBD-DhJNU
_dBD-DhJNU
041 _aben
082 _a294.50954 HOL
_223
100 _aহোসেন, আবু ইসহাক
245 1 0 _aলালনের ধর্ম /
_cআবু ইসহাক হোসেন
246 _aLaloner Dhormo
260 _aঢাকা :
_bহাওলাদার প্রকাশনী,
_c2024.
300 _a৩০৪ পৃ. :
_bচিত্র ;
_c২২ সেমি.।
504 _aগ্রন্থপঞ্জিগত নির্দেশিকা অন্তভূক্ত
650 _aবাউল দর্শন--Baul philosophy
942 _cBK
999 _c2244
_d2244